50 activités de jeu dramatique en EPS (Record no. 9824)

MARC details
000 -LEADER
fixed length control field 00338nam a2200121 4500
008 - FIXED-LENGTH DATA ELEMENTS--GENERAL INFORMATION
fixed length control field b xx# fre u
040 ## - CATALOGING SOURCE
Original cataloging agency LB-BrCRDP
082 1# - DEWEY DECIMAL CLASSIFICATION NUMBER
Classification number 796.07
Item number FAU
100 1# - MAIN ENTRY--PERSONAL NAME
Personal name Faure, Fabien
245 10 - TITLE STATEMENT
Title 50 activités de jeu dramatique en EPS
Statement of responsibility, etc. Fabien Faure
942 ## - ADDED ENTRY ELEMENTS (KOHA)
Koha item type Books
Holdings
Withdrawn status Lost status Source of classification or shelving scheme Damaged status Not for loan Home library Current library Shelving location Date acquired Source of acquisition Cost, normal purchase price Total Checkouts Full call number Barcode Date last seen Copy number Price effective from Koha item type
    Dewey Decimal Classification     مكتبة دار المعلمين و المعلمات - طرابلس مكتبة دار المعلمين و المعلمات - طرابلس Salle de Lecture 11/14/2006 Ambassade de France 0.00   796.07 FAU CRT2005 07/27/2016 1 07/27/2016 Books